000 00273 a2200121 4500
999 _c322960
_d322960
001 87887
003 NUST
082 _a958.1045 COL
100 _aColl, Steve
_99738
245 _aGhost Wars
260 _aLondon
_bPenguin Books
_c2004
300 _a712p+xviii
942 _aCAE NUST
_cBK
_k958.1045 COL
_2ddc